Central Library OPAC University of Rajshahi

বাংলার বানী (Record no. 38593)

MARC details
000 -LEADER
fixed length control field 00603nam a2200193 a 4500
001 - CONTROL NUMBER
control field 38593
003 - CONTROL NUMBER IDENTIFIER
rucl marc code BD-RjUL
005 - DATE AND TIME OF LATEST TRANSACTION
control field 20211209052827.0
008 - FIXED-LENGTH DATA ELEMENTS--GENERAL INFORMATION
fixed length control field 160118b bg ||||| |||| 00| 0 ben d
035 ## - SYSTEM CONTROL NUMBER
System control number (BD-RjUL)38701
040 ## - CATALOGING SOURCE
Original cataloging agency BD-RjUL
Language of cataloging eng
082 ## - DEWEY DECIMAL CLASSIFICATION NUMBER
Edition number 23
Classification number 079.5492
Author mark and year BAB
245 ## - TITLE STATEMENT
Title বাংলার বানী
Statement of responsibility, etc. শেখ ফজলুল হক মনি
260 ## - PUBLICATION, DISTRIBUTION, ETC. (IMPRINT)
Place of publication, distribution, etc. ঢাকা :
Name of publisher, distributor, etc. শেখ ফজলুল হক মনি,
300 ## - PHYSICAL DESCRIPTION
Pagination 8p.
650 ## - SUBJECT ADDED ENTRY--TOPICAL TERM
Topical term or geographic name as entry element Daily Newspaper
Geographic subdivision Bangladesh
9 (RLIN) 117503
700 ## - ADDED ENTRY--PERSONAL NAME
Personal name হক, শেখ ফজলুল (মনি)
942 ## - ADDED ENTRY ELEMENTS (KOHA)
Source of classification or shelving scheme Dewey Decimal Classification
Koha item type Newspapers
Holdings
Lost status Source of classification or shelving scheme Damaged status Not for loan Permanent Location Current Location Shelving location Date acquired Total Checkouts Full call number Date last seen Copy number Koha item type
  Dewey Decimal Classification   Not For Loan Central Library, University of Rajshahi Central Library, University of Rajshahi Newspapers Stack 18/01/2016   P 079.5492 BAB V.1 Apr. 1972 18/01/2016 C.1 Newspapers